000 00693nam a2200193Ii 4500
003 JO-AjNU
008 230605s9999||||xx |||||||||||||| ||und||
040 _aJO-AjNU
_bara
_erda
_cJO-AjNU
041 _aara
050 1 4 _aPJ6620.H3 1900
100 3 _aإعداد الشافعي، عماد حسن,
_eauthor
_99482
245 0 0 _aصفوة الألفاظ الكتابية: عبد الرحمن بن عيسى الهمذاني
264 3 1 _aد.م: المركز العربي الحديث، 1900
300 _a120ص
336 _atext
_btxt
_2rdacontent
337 _aunmediated
_bn
_2rdamedia
338 _avolume
_bnc
_2rdacarrier
650 4 _aاللغة العربية - ألفاظ كتابية
_99483
999 _aA1324
_c4892
_d4892